Logo de la biblioteca USCO

La producción social de comunicación / Manuel Martín Serrano ; Prol. Harry Prös (Record no. 11365)

000 -CABECERA
campo de control de longitud fija 01123nam a22002417a 4500
003 - NÚMERO DE CONTROL
campo de control CO-NeUS
005 - FECHA Y HORA DE ACTUALIZACIÓN
005 20180210115801.0
008 - LONGITUD FIJA
campo de control de longitud fija 140129b ck ||||| |||| 00| 0 spa d
020 ## - INTERNATIONAL STANDARD BOOK NUMBER
ISBN 84-206-8102-4
040 ## - FUENTE DE CATALOGACIÓN
Centro/agencia transcriptor CO-NeUS
100 ## - AUTOR PERSONAL
nombre Martín Serrano, Manuel - 1940
9 (RLIN) 65256
245 10 - TÍTULO PROPIAMENTE DICHO
título La producción social de comunicación / Manuel Martín Serrano ; Prol. Harry Prös
264 ## - PIE DE IMPRENTA
lugar (ciudad) Madrid : Alianza, 1986
300 ## - DESCRIPCIÓN FÍSICA
Extensión 501 p. ; 23 cm.
490 0# - SERIE
serie Alianza Universal Textos
numeración de serie No. 102
9 (RLIN) 94612
505 00 - NOTA DE CONTENIDO
Nota de contenido Introducción / Presentación de la teoría social de la comunicación -- Fundamentos para una teoría social de
505 00 - NOTA DE CONTENIDO
Nota de contenido la comunicación -- Planteamiento teórico y metodológico para el estudio de la producción social de
505 00 - NOTA DE CONTENIDO
Nota de contenido comunicación -- La selección del acontecer público y su ubicación en el espacio y en el tiempo -- El relato a
505 00 - NOTA DE CONTENIDO
Nota de contenido propósito del acontecer público -- El cambio social y la transformación de la comunicación --
700 1# - COAUTOR PERSONAL
Nombre de persona Pröss, Harry
Término indicativo de función/relación Prólogo
9 (RLIN) 76069
082 04 - CLASIFICACIÓN DECIMAL DEWEY
Clasificación 302.2 / M383p
650 14 - MATERIA GENERAL
Término de materia o nombre geográfico como elemento inicial Comunicacion
Subdivisión general aspectos psicologicos
9 (RLIN) 104034

No items available.

Powered by Koha